Normal view
MARC view
Entry Topical Term
001 - CONTROL NUMBER
- control field: 23799
003 - CONTROL NUMBER IDENTIFIER
- control field: OSt
005 - DATE AND TIME OF LATEST TRANSACTION
- control field: 20151229130831.0
008 - FIXED-LENGTH DATA ELEMENTS
- fixed length control field: 151229|| aca||aabn | a|a d
040 ## - CATALOGING SOURCE
- Original cataloging agency: OSt
- Transcribing agency: OSt
150 ## - HEADING--TOPICAL TERM
- Topical term or geographic name entry element: Religion
670 ## - SOURCE DATA FOUND
- Source citation: Work cat.: (OSt)38593: Nathipal, Dhirendra 23798, Comprehensive History of The Religion of The Hindus, 1903









